[Event "Nordsjalland Weekend Gr 1"]
[Site "Allerod"]
[Date "2020.01.03"]
[Round "1"]
[White "Grau, Peter"]
[Black "Thomsen, Kurt"]
[Result "1-0"]
[WhiteElo "2029"]
[BlackElo "1961"]
[PlyCount "61"]
[EventDate "2020.01.03"]
[EventType "tourn"]
[EventRounds "5"]
[EventCountry "DEN"]
[SourceTitle "EXT 2021"]
[Source "ChessBase"]
[SourceDate "2020.10.23"]
[SourceVersion "1"]
[SourceVersionDate "2020.10.23"]
[SourceQuality "1"]

1. e4 e6 2. d4 d5 3. Nd2 Nc6 4. c3 e5 5. exd5 Qxd5 6. Ngf3 exd4 7. Bc4 Qh5 8. cxd4 Nf6 9. 0-0 Bd6 10. Re1+ Ne7 11. Ne5 Qxd1 12. Bxf7+ Kf8 13. Rxd1 Bxe5 14. dxe5 Ng4 15. Bb3 Nxe5 16. Nc4 N5c6 17. Bf4 Be6 18. Bxc7 b5 19. Nd6 Bxb3 20. axb3 b4 21. h4 g6 22. Ne4 Kf7 23. Rd7 Ke6 24. Nc5+ Kf5 25. Ra6 Kg4 26. g3 Rhf8 27. Kg2 Rac8 28. Ne6 Rf6 29. Nf4 h6 30. f3+ Kf5 31. g4# 1-0

[Event "Politiken Cup 36th"]
[Site "Helsingor"]
[Date "2014.07.24"]
[Round "5"]
[White "Thomsen, Kurt"]
[Black "Christensen, Thomas2222"]
[Result "0-1"]
[WhiteElo "1940"]
[BlackElo "2139"]
[PlyCount "62"]
[EventDate "2014.07.21"]
[EventType "swiss"]
[EventRounds "10"]
[EventCountry "DEN"]
[SourceTitle "CBM 161 Extra"]
[Source "ChessBase"]
[SourceDate "2014.08.29"]
[SourceVersion "1"]
[SourceVersionDate "2014.08.29"]
[SourceQuality "1"]

1. d4 Nc6 2. Nf3 e6 3. g3 g6 4. Bg2 Bg7 5. 0-0 Nge7 6. e4 d6 7. Be3 0-0 8. c3 e5 9. d5 Nb8 10. c4 h6 11. Nc3 f5 12. Rc1 g5 13. exf5 Nxf5 14. Qd2 Nd7 15. Ne4 b6 16. b4 Nf6 17. Nxf6+ Qxf6 18. Rfd1 Nxe3 19. fxe3 Bg4 20. Rf1 Qg6 21. h3 Bf5 22. c5 Rf6 23. cxb6 cxb6 24. Rc7 Raf8 25. Nh2 g4 26. hxg4 Bd3 27. Rxf6 Bxf6 28. e4 Bd8 29. Rb7 Bxe4 30. Bxe4 Qxe4 31. Qxh6 Qd4+ 0-1

[Event "Politiken Cup 36th"]
[Site "Helsingor"]
[Date "2014.07.22"]
[Round "3"]
[White "Egholm, Leif"]
[Black "Thomsen, Kurt"]
[Result "0-1"]
[WhiteElo "1718"]
[BlackElo "1940"]
[PlyCount "42"]
[EventDate "2014.07.21"]
[EventType "swiss"]
[EventRounds "10"]
[EventCountry "DEN"]
[SourceTitle "CBM 161 Extra"]
[Source "ChessBase"]
[SourceDate "2014.08.29"]
[SourceVersion "1"]
[SourceVersionDate "2014.08.29"]
[SourceQuality "1"]

1. e4 e6 2. d4 d5 3. Nc3 Bb4 4. e5 c5 5. a3 Ba5 6. b4 cxd4 7. Nb5 Bc7 8. Nxc7+ Qxc7 9. f4 Ne7 10. Bd3 Nbc6 11. Bb2 0-0 12. Nf3 Bd7 13. Bxh7+ Kxh7 14. Ng5+ Kg6 15. Qg4 Nxe5 16. fxe5 Qxe5+ 17. Ne4+ Kh7 18. Qh4+ Kg8 19. Qxe7 Qxe4+ 20. Kd1 Rac8 21. Rc1 Ba4 0-1

[Event "DEN-ch G7-B"]
[Site "Helsingor"]
[Date "2013.03.28"]
[Round "3"]
[White "Thomsen, Kurt"]
[Black "Borg, Flemming"]
[Result "0-1"]
[WhiteElo "1940"]
[BlackElo "1784"]
[PlyCount "92"]
[EventDate "2013.03.26"]
[EventType "swiss"]
[EventRounds "7"]
[EventCountry "DEN"]
[SourceTitle "EXT 2023"]
[Source "ChessBase"]
[SourceDate "2022.10.05"]
[SourceVersion "1"]
[SourceVersionDate "2022.10.05"]
[SourceQuality "1"]

1. d4 d6 2. c4 e5 3. d5 Nd7 4. Nc3 a5 5. e4 Nc5 6. f3 Be7 7. Be3 b6 8. Bd3 Bg5 9. Bf2 g6 10. Nge2 f5 11. exf5 gxf5 12. Ng3 Nh6 13. Qc2 0-0 14. 0-0 Bd7 15. b3 Qe7 16. a3 Nxd3 17. Qxd3 Kh8 18. b4 Rg8 19. Rfe1 Qg7 20. Nce2 axb4 21. f4 Bf6 22. Ra2 Ng4 23. Qb3 Nxf2 24. Kxf2 e4 25. axb4 Rxa2 26. Qxa2 h5 27. Ke3 Be8 28. Rg1 Bg6 29. Nf1 h4 30. Nd2 Bh5 31. Nb3 Bxe2 32. Qxe2 Ra8 33. Rb1 Kg8 34. Qc2 Ra3 35. Kf2 Bd4+ 36. Kf1 Be3 37. c5 bxc5 38. bxc5 Bxf4 39. cxd6 Bxd6 40. Qf2 Qg4 41. Nd4 f4 42. Nb5 e3 43. Qe2 Qxe2+ 44. Kxe2 Ra2+ 45. Kf1 Rf2+ 46. Kg1 Bc5 0-1

[Event "DEN-ch G7-1"]
[Site "Helsingor"]
[Date "2012.04.08"]
[Round "6"]
[White "Poulsen, Peter Risgaard"]
[Black "Thomsen, Kurt"]
[Result "1/2-1/2"]
[WhiteElo "1944"]
[BlackElo "1970"]
[PlyCount "90"]
[EventDate "2012.04.03"]
[EventType "swiss"]
[EventRounds "7"]
[EventCountry "DEN"]
[SourceTitle "EXT 2018"]
[Source "ChessBase"]
[SourceDate "2017.10.13"]
[SourceVersion "1"]
[SourceVersionDate "2017.10.13"]
[SourceQuality "1"]

1. d4 Nf6 2. Bf4 g6 3. e3 Bg7 4. h3 0-0 5. Nf3 c5 6. Nbd2 cxd4 7. exd4 d5 8. Bd3 Nc6 9. c3 a6 10. 0-0 b5 11. a3 Bf5 12. Bxf5 gxf5 13. Ne5 Nxe5 14. Bxe5 Nd7 15. Bxg7 Kxg7 16. Qc2 e6 17. Rae1 Rg8 18. Nf3 Kh8 19. Qd2 Qf6 20. Qf4 Qg6 21. g3 Qf6 22. Kh2 Nf8 23. Qe5 Qxe5 24. Nxe5 Kg7 25. a4 Ng6 26. Nd3 h5 27. f3 Kf6 28. Re2 Rgc8 29. Ra1 h4 30. g4 Kg5 31. f4+ Kf6 32. g5+ Ke7 33. Kg2 b4 34. Rc1 bxc3 35. bxc3 Rc4 36. Kf3 Rxa4 37. Rb2 Rc4 38. Nc5 Ra7 39. Rb4 Rxb4 40. cxb4 Kd6 41. Ra1 Kc6 42. Ra5 Ne7 43. b5+ Kb6 44. Rxa6+ Rxa6 45. bxa6 Ng6 1/2-1/2

[Event "DEN-ch G7-1"]
[Site "Helsingor"]
[Date "2012.04.03"]
[Round "1"]
[White "Thomsen, Kurt"]
[Black "Willumsen, Henrik"]
[Result "0-1"]
[WhiteElo "1970"]
[BlackElo "2197"]
[PlyCount "46"]
[EventDate "2012.04.03"]
[EventType "swiss"]
[EventRounds "7"]
[EventCountry "DEN"]
[SourceTitle "EXT 2018"]
[Source "ChessBase"]
[SourceDate "2017.10.13"]
[SourceVersion "1"]
[SourceVersionDate "2017.10.13"]
[SourceQuality "1"]

1. d4 d5 2. c4 c6 3. Nf3 Nf6 4. Nc3 e6 5. Bg5 dxc4 6. e4 b5 7. e5 h6 8. Bh4 g5 9. Nxg5 hxg5 10. Bxg5 Nbd7 11. exf6 Bb7 12. a4 b4 13. Ne4 c5 14. f3 Qc7 15. g3 Bd6 16. Nxd6+ Qxd6 17. Bxc4 cxd4 18. Be2 Rd8 19. Qd2 a6 20. Kf2 Nc5 21. Rae1 Qd5 22. h4 Qf5 23. Qxb4 Nd3+ 0-1

[Event "Farum HK-ch"]
[Site "Farum"]
[Date "2005.10.20"]
[Round "5"]
[White "Andersen, Daniel"]
[Black "Thomsen, Kurt"]
[Result "1-0"]
[WhiteElo "2026"]
[BlackElo "1851"]
[PlyCount "95"]
[EventDate "2005.10.16"]
[EventType "swiss"]
[EventRounds "6"]
[EventCountry "DEN"]
[SourceTitle "EXT 2018"]
[Source "ChessBase"]
[SourceDate "2017.10.13"]
[SourceVersion "1"]
[SourceVersionDate "2017.10.13"]
[SourceQuality "1"]

1. c4 Nf6 2. g3 g6 3. Bg2 d5 4. cxd5 Nxd5 5. Nc3 c6 6. d4 Bg7 7. e4 Nb6 8. Nge2 0-0 9. a4 Na6 10. a5 Nd7 11. 0-0 c5 12. d5 Ne5 13. f4 Nc4 14. Qa4 Nd6 15. Be3 Bd7 16. Qb3 b5 17. axb6 axb6 18. e5 Nf5 19. Bf2 Nb4 20. Rxa8 Qxa8 21. g4 Nh6 22. h3 Qa6 23. Bh4 e6 24. d6 Nc6 25. Rd1 Nxe5 26. fxe5 Bxe5 27. Ng3 f6 28. Nge4 g5 29. Bg3 Bd4+ 30. Bf2 Be5 31. Bf1 Qa7 32. Bc4 Re8 33. Nb5 Qb7 34. Re1 Rd8 35. Bxe6+ Kg7 36. Bxd7 Rxd7 37. Qd3 Nf7 38. Bg3 Bxb2 39. Nc7 Ne5 40. Bxe5 Bxe5 41. Qb5 Rxc7 42. dxc7 Qxc7 43. Qe8 Bd4+ 44. Kg2 Qb7 45. Qe6 b5 46. Kh2 b4 47. Ng3 b3 48. Nf5+ 1-0

[Event "Farum HK-ch"]
[Site "Farum"]
[Date "2005.10.19"]
[Round "4"]
[White "Thomsen, Kurt"]
[Black "Noer, Martin Stampe"]
[Result "1-0"]
[WhiteElo "1851"]
[BlackElo "1804"]
[PlyCount "87"]
[EventDate "2005.10.16"]
[EventType "swiss"]
[EventRounds "6"]
[EventCountry "DEN"]
[SourceTitle "EXT 2018"]
[Source "ChessBase"]
[SourceDate "2017.10.13"]
[SourceVersion "1"]
[SourceVersionDate "2017.10.13"]
[SourceQuality "1"]

1. d4 d5 2. c4 c6 3. Nf3 Nf6 4. Nc3 dxc4 5. a4 Bf5 6. e3 e6 7. Bxc4 Bb4 8. 0-0 Nbd7 9. Qe2 0-0 10. Rd1 Bg4 11. h3 Bh5 12. e4 Nb6 13. Bb3 Qc7 14. Bg5 Nbd7 15. Rac1 Rfe8 16. e5 Bxc3 17. bxc3 Nd5 18. g4 Bg6 19. Nh4 Nf8 20. Bd2 Qe7 21. Nxg6 Nxg6 22. Qf3 Red8 23. Qg3 Rac8 24. f4 c5 25. f5 Qh4 26. Qxh4 Nxh4 27. Rf1 h6 28. Be1 g5 29. Bxh4 gxh4 30. fxe6 fxe6 31. c4 Nb4 32. d5 exd5 33. cxd5 Nd3 34. d6+ Kh8 35. d7 Rb8 36. e6 Nxc1 37. Rxc1 Kg7 38. Rf1 b5 39. axb5 Rxd7 40. exd7 Rd8 41. Be6 c4 42. Rc1 Kf6 43. Bf5 h5 44. Rxc4 1-0

[Event "Farum HK-ch"]
[Site "Farum"]
[Date "2005.10.17"]
[Round "2"]
[White "Thomsen, Kurt"]
[Black "Thorsbro, Peter"]
[Result "0-1"]
[WhiteElo "1851"]
[BlackElo "2205"]
[PlyCount "95"]
[EventDate "2005.10.16"]
[EventType "swiss"]
[EventRounds "6"]
[EventCountry "DEN"]
[SourceTitle "EXT 2018"]
[Source "ChessBase"]
[SourceDate "2017.10.13"]
[SourceVersion "1"]
[SourceVersionDate "2017.10.13"]
[SourceQuality "1"]

1. d4 d5 2. c4 e6 3. Nc3 Be7 4. Nf3 Nf6 5. Bg5 0-0 6. Qc2 c6 7. e3 Nbd7 8. cxd5 exd5 9. Bd3 Re8 10. 0-0 Nf8 11. Ne5 N6d7 12. Bf4 Nxe5 13. Bxe5 Ng6 14. Bg3 Bd6 15. Rab1 Bxg3 16. hxg3 Nf8 17. Kh2 Qg5 18. Rh1 Re6 19. Kg1 h5 20. e4 dxe4 21. Nxe4 Qd5 22. Rd1 Rh6 23. Bc4 Qa5 24. Qb3 Qc7 25. Ng5 Ne6 26. Nxe6 Bxe6 27. Bxe6 fxe6 28. Re1 Qf7 29. Rh4 Rf6 30. Re5 g6 31. Qe3 Rd8 32. Rhe4 Rd6 33. Qa3 Rd7 34. f4 a6 35. Qe3 Rd6 36. b4 Qd7 37. a4 Kf7 38. Qc3 Rf5 39. Kh2 Qe7 40. b5 cxb5 41. axb5 axb5 42. Rxf5+ gxf5 43. Re5 Qd7 44. Rc5 Rc6 45. Qf3 Kg6 46. Rxb5 Qxd4 47. Qb3 b6 48. Rb4 0-1

[Event "Frederikssund Weekend G1 2nd"]
[Site "Frederikssund"]
[Date "2004.09.25"]
[Round "2"]
[White "Thomsen, Kurt"]
[Black "Christiansen, Poul"]
[Result "1/2-1/2"]
[WhiteElo "1837"]
[BlackElo "1743"]
[PlyCount "151"]
[EventDate "2004.09.24"]
[EventType "tourn"]
[EventRounds "5"]
[EventCountry "DEN"]
[SourceTitle "EXT 2023"]
[Source "ChessBase"]
[SourceDate "2022.10.05"]
[SourceVersion "1"]
[SourceVersionDate "2022.10.05"]
[SourceQuality "1"]

1. d4 Nf6 2. c4 e6 3. Nf3 d5 4. Nc3 Be7 5. Bg5 0-0 6. Qc2 c6 7. e3 h6 8. Bh4 Nbd7 9. Rb1 dxc4 10. Bxc4 Nd5 11. Bxe7 Qxe7 12. a3 Nxc3 13. Qxc3 b6 14. b4 Bb7 15. Be2 Rfe8 16. 0-0 e5 17. Rfd1 e4 18. Nd2 Nf6 19. Nc4 Nd5 20. Qd2 Rac8 21. h3 Rc7 22. Ne5 f6 23. Ng6 Qe6 24. Bc4 Kh7 25. Nf4 Qd6 26. Ne2 Bc8 27. Ng3 b5 28. Bb3 f5 29. Ne2 Be6 30. Rbc1 Nb6 31. Bxe6 Rxe6 32. d5 Re5 33. dxc6 Rd5 34. Nd4 Nc4 35. Qe2 a6 36. Nxf5 Rxd1+ 37. Rxd1 Qxc6 38. Nd4 Qf6 39. Ra1 Ne5 40. Rd1 Qf7 41. a4 bxa4 42. Ra1 Nd3 43. f4 Nxb4 44. Rxa4 Rb7 45. Qg4 Rb6 46. Qf5+ Kg8 47. Qxe4 Nd5 48. Ra5 Nf6 49. Qd3 Qb7 50. Nf3 Rb1+ 51. Kh2 Rb2 52. Ne1 Rb1 53. Qc4+ Kh8 54. Nd3 Rb6 55. Rc5 Rd6 56. Rc7 Qb5 57. Qf7 Rd7 58. Rxd7 Qxd7 59. Qf8+ Kh7 60. Qa3 Qb5 61. Ne5 a5 62. Qd3+ Qxd3 63. Nxd3 a4 64. Nb4 a3 65. g4 a2 66. Nxa2 Nd5 67. Kg3 Nxe3 68. f5 Nd5 69. h4 Kg8 70. Nc1 Kf7 71. Nd3 Kf6 72. Kf3 h5 73. Nf4 hxg4+ 74. Kxg4 Ne3+ 75. Kf3 Nxf5 76. h5 1/2-1/2

[Event "Frederikssund DSU 100 years C"]
[Site "Frederikssund"]
[Date "2003.02.09"]
[Round "4"]
[White "Brand, Bjarne"]
[Black "Thomsen, Kurt"]
[Result "0-1"]
[WhiteElo "1700"]
[BlackElo "1700"]
[PlyCount "64"]
[EventDate "2003.02.07"]
[EventType "tourn"]
[EventRounds "5"]
[EventCountry "DEN"]
[SourceTitle "EXT 2023"]
[Source "ChessBase"]
[SourceDate "2022.10.05"]
[SourceVersion "1"]
[SourceVersionDate "2022.10.05"]
[SourceQuality "1"]

1. e4 e6 2. d4 d5 3. Nd2 c5 4. c3 Nc6 5. Ngf3 Nf6 6. e5 Nd7 7. Bd3 Qb6 8. Qa4 c4 9. Bb1 f6 10. exf6 gxf6 11. 0-0 Qc7 12. Qc2 Bd6 13. Re1 Nf8 14. Nf1 Bd7 15. b3 cxb3 16. axb3 0-0-0 17. Be3 Ng6 18. c4 Bb4 19. Rc1 a5 20. Bd2 Bxd2 21. Qxd2 Qf4 22. cxd5 exd5 23. Rxa5 Kb8 24. Rxd5 Qxd2 25. N1xd2 Nf4 26. Rcc5 Nxd5 27. Rxd5 Be6 28. Rxd8+ Rxd8 29. Ne4 Nxd4 30. Nc5 Nxf3+ 31. gxf3 Bh3 32. Bc2 Rd2 0-1